00374nam a2200181Ia 4500003000900000008004100009040001300050040001300063041000800076100001800084245002800102250000900130260002100139260000900160300000800169490000900177490000600186IT-RoPAU120407s9999 xx 000 0 und d aIT-RoPAU cIT-RoPAU aita aR. Hasseveldt aIl mistero delle Chiese aRoma aEdizioni Paoline c1956 c cm aCat. v0